000 00821nam a2200253 i 4500
001 10220
003 ES-MaACL
005 20230906145836.0
007 t|
008 950322s1993 sp ae |||| | spa d
020 _a84-86474-17-5
080 _a725.18(7/8)"17"
100 1 _aGutiérrez, Ramón.
_961073
245 1 0 _aArquitectura y fortificación :
_bde la Ilustración a la independencia americana /
_cRamón Gutiérrez, Cristina Esteras.
250 _a1ª ed.
260 _aMadrid :
_bTuero,
_c1993.
300 _aXI, 461 p. :
_bil., planos ;
_c21 cm.
490 1 _aInvestigación y crítica
650 4 _aArquitectura militar-
_zAmérica española.
_9168654
700 1 _aEsteras, Cristina.
_948115
830 1 _aInvestigación y crítica
_9228109
852 4 _aES-MaACL
_jL-17662
999 _c10220
_d10220